| 000 | 00401nam a2200145 4500 | ||
|---|---|---|---|
| 001 | 123205 | ||
| 003 | ES-MaACL | ||
| 007 | t| | ||
| 008 | 070214s1955 sp r ||||0| spa d | ||
| 100 | 1 |
_aQuerol, Leopoldo. _994545 |
|
| 245 | 1 | 0 |
_aBreve historia de la música / _cLeopoldo Querol. |
| 260 |
_aMadrid : _bSumma, _c1955. |
||
| 300 |
_aXV, 301 p : _bil ; _c19 cm. |
||
| 852 |
_aES-MaACL _jE-3634 _bR.37392 |
||
| 999 |
_c123205 _d123205 |
||